[Event "CZE-ch U16 Girls"]
[Site "Kouty nad Desnou"]
[Date "2011.03.18"]
[Round "8"]
[White "Zavadilova, Karolina"]
[Black "Dunglova, Natalie"]
[Result "1/2-1/2"]
[WhiteElo "1779"]
[BlackElo "1602"]
[PlyCount "26"]
[EventDate "2011.03.12"]
[EventType "swiss"]
[EventRounds "9"]
[EventCountry "CZE"]
[SourceTitle "EXT 2014"]
[Source "ChessBase"]
[SourceDate "2013.11.20"]
[SourceVersion "1"]
[SourceVersionDate "2013.11.20"]
[SourceQuality "1"]

1. e4 c5 2. Nf3 e6 3. d3 Nc6 4. Nbd2 Nf6 5. g3 d5 6. Bg2 Be7 7. 0-0 0-0 8. e5 Ng4 9. Re1 f6 10. exf6 Bxf6 11. Nf1 Qb6 12. c3 c4 13. d4 e5 1/2-1/2

[Event "CZE-ch U16 Girls"]
[Site "Kouty nad Desnou"]
[Date "2011.03.14"]
[Round "3"]
[White "Dunglova, Natalie"]
[Black "Blechova, Lenka"]
[Result "0-1"]
[WhiteElo "1602"]
[BlackElo "1422"]
[PlyCount "108"]
[EventDate "2011.03.12"]
[EventType "swiss"]
[EventRounds "9"]
[EventCountry "CZE"]
[SourceTitle "EXT 2014"]
[Source "ChessBase"]
[SourceDate "2013.11.20"]
[SourceVersion "1"]
[SourceVersionDate "2013.11.20"]
[SourceQuality "1"]

1. d4 d5 2. Nf3 e6 3. a3 Nf6 4. Bf4 Bd6 5. Ne5 Nbd7 6. e3 0-0 7. c4 dxc4 8. Bxc4 Nd5 9. Bg3 N7b6 10. Bd3 Nf6 11. Nc3 Nbd5 12. Rc1 b6 13. e4 Nxc3 14. Rxc3 Bb7 15. Qc2 g6 16. Bh4 Rc8 17. Bxf6 Qxf6 18. Nd7 Qd8 19. Nxf8 Bxf8 20. 0-0 Bg7 21. Rd1 Bxd4 22. Be2 e5 23. Rf3 Qe7 24. Bc4 Rf8 25. Rh3 c5 26. Re1 Bc8 27. Rf3 Bg4 28. Rg3 Be6 29. Bxe6 Qxe6 30. b3 Kg7 31. Qd2 h5 32. Qg5 Qf6 33. Qxf6+ Kxf6 34. Rd1 Kg7 35. Kf1 b5 36. b4 c4 37. Rh3 Rc8 38. f4 c3 39. Rc1 c2 40. Rb3 exf4 41. Ke2 Be3 42. Rxe3 fxe3 43. Kxe3 Kf6 44. Kd4 Ke6 45. g3 Rc4+ 46. Kd3 Ke5 47. Kd2 Kxe4 48. Re1+ Kd4 49. Kc1 Rc3 50. Rf1 f5 51. Rf4+ Ke3 52. Rf1 Rxa3 53. Kxc2 Ra2+ 54. Kd1 Ra1+ 0-1

[Event "CZE-ch U16 Girls"]
[Site "Kouty nad Desnou"]
[Date "2011.03.14"]
[Round "4"]
[White "Dunglova, Natalie"]
[Black "Zitna, Aneta"]
[Result "1-0"]
[WhiteElo "1602"]
[BlackElo "1250"]
[PlyCount "45"]
[EventDate "2011.03.12"]
[EventType "swiss"]
[EventRounds "9"]
[EventCountry "CZE"]
[SourceTitle "EXT 2014"]
[Source "ChessBase"]
[SourceDate "2013.11.20"]
[SourceVersion "1"]
[SourceVersionDate "2013.11.20"]
[SourceQuality "1"]

1. d4 d5 2. Nf3 Nc6 3. Bf4 Nf6 4. e3 Bg4 5. c4 dxc4 6. Bxc4 e6 7. Nc3 Bb4 8. 0-0 Bxc3 9. bxc3 0-0 10. h3 Bh5 11. Rb1 b6 12. Bb5 Ne7 13. c4 a6 14. Ba4 Rb8 15. Re1 Rb7 16. e4 Bg6 17. Bc2 Nc6 18. Bg5 e5 19. dxe5 Qxd1 20. Rbxd1 Ne8 21. Ba4 b5 22. Rb1 Na7 23. Be7 1-0

[Event "CZE-ch U16 Girls"]
[Site "Kouty nad Desnou"]
[Date "2011.03.12"]
[Round "1"]
[White "Dunglova, Natalie"]
[Black "Marikova, Jana"]
[Result "0-1"]
[WhiteElo "1602"]
[BlackElo "1860"]
[PlyCount "78"]
[EventDate "2011.03.12"]
[EventType "swiss"]
[EventRounds "9"]
[EventCountry "CZE"]
[SourceTitle "EXT 2014"]
[Source "ChessBase"]
[SourceDate "2013.11.20"]
[SourceVersion "1"]
[SourceVersionDate "2013.11.20"]
[SourceQuality "1"]

1. d4 Nf6 2. Nf3 g6 3. c4 Bg7 4. Nc3 0-0 5. Bg5 h6 6. Bh4 d6 7. e3 Na6 8. Be2 c5 9. 0-0 Bd7 10. a3 Rb8 11. Bg3 b6 12. Rb1 Bf5 13. Bd3 Bxd3 14. Qxd3 Rc8 15. Nb5 Qd7 16. Rfd1 Rfd8 17. Rd2 Qb7 18. Nc3 cxd4 19. exd4 d5 20. Ne5 dxc4 21. Nxc4 Nc5 22. Qe2 Nb3 23. Rdd1 Nxd4 24. Qf1 Nf5 25. Bf4 Rxd1 26. Rxd1 Ne4 27. Qd3 Nxc3 28. bxc3 Qa6 29. Ne3 Qxd3 30. Rxd3 Nxe3 31. Rxe3 g5 32. Bg3 Rxc3 33. Rxc3 Bxc3 34. a4 f5 35. f4 Kf7 36. Kf1 Kf6 37. Ke2 e5 38. fxe5+ Bxe5 39. Bxe5+ Kxe5 0-1

[Event "CZE-ch U14 Girls"]
[Site "Kouty nad Desnou"]
[Date "2009.03.13"]
[Round "8"]
[White "Dunglova, Natalie"]
[Black "Hlavackova, Jana"]
[Result "0-1"]
[WhiteElo "1378"]
[BlackElo "1422"]
[PlyCount "118"]
[EventDate "2009.03.07"]
[EventType "swiss"]
[EventRounds "9"]
[EventCountry "CZE"]
[SourceTitle "EXT 2011"]
[Source "ChessBase"]
[SourceDate "2010.11.26"]
[SourceVersion "1"]
[SourceVersionDate "2010.11.26"]
[SourceQuality "1"]

1. Nf3 Nc6 2. d4 d5 3. c4 e6 4. Nc3 Nf6 5. Bf4 Bb4 6. e3 Ne4 7. Rc1 g5 8. Bg3 Nxg3 9. hxg3 f6 10. a3 Be7 11. Bd3 b6 12. cxd5 exd5 13. Rxh7 Rxh7 14. Bxh7 Be6 15. Qa4 Qd7 16. Ne2 Na5 17. Bg6+ Kd8 18. Qxd7+ Kxd7 19. Bd3 c6 20. Nd2 Rh8 21. Kd1 Rh2 22. b4 Nb7 23. Kc2 Rxg2 24. Rf1 Rh2 25. Nb3 Rh8 26. Kd2 Kc7 27. Rc1 Rc8 28. Bb5 Bd7 29. Bd3 Kb8 30. Rh1 Rc7 31. Rh7 Bc8 32. Rh8 Nd6 33. Nc3 Nc4+ 34. Bxc4 dxc4 35. Nc1 b5 36. f3 Kb7 37. N1e2 Be6 38. e4 a6 39. f4 Rd7 40. f5 Bf7 41. Rh7 Bd8 42. d5 Kc8 43. Nd4 cxd5 44. Nxd5 Bxd5 45. Rxd7 Kxd7 46. exd5 Kd6 47. Nc6 Bb6 48. Nb8 a5 49. Nc6 a4 50. Kc3 Kxd5 51. Ne7+ Ke4 52. g4 Bd4+ 53. Kc2 Kf4 54. Nd5+ Kxg4 55. Ne7 Kf3 56. Ng6 g4 57. Nh4+ Kf2 58. Ng6 g3 59. Nh4 g2 0-1

[Event "CZE-ch U14 Girls"]
[Site "Kouty nad Desnou"]
[Date "2009.03.09"]
[Round "3"]
[White "Dunglova, Natalie"]
[Black "Sabolova, Kristyna"]
[Result "0-1"]
[WhiteElo "1378"]
[BlackElo "1760"]
[PlyCount "132"]
[EventDate "2009.03.07"]
[EventType "swiss"]
[EventRounds "9"]
[EventCountry "CZE"]
[SourceTitle "EXT 2011"]
[Source "ChessBase"]
[SourceDate "2010.11.26"]
[SourceVersion "1"]
[SourceVersionDate "2010.11.26"]
[SourceQuality "1"]

1. e4 e5 2. Nf3 Nc6 3. d4 exd4 4. Bc4 Nf6 5. e5 d5 6. Bb5 Ne4 7. Nxd4 Bd7 8. Bxc6 bxc6 9. 0-0 Bc5 10. f3 Ng5 11. f4 Ne4 12. Be3 Bb6 13. Nd2 Nxd2 14. Qxd2 0-0 15. c3 Qe7 16. Qf2 c5 17. Nb3 c4 18. Bxb6 axb6 19. Nd2 c5 20. Qf3 Rad8 21. Qg3 Bf5 22. Nf3 Rfe8 23. Nh4 Qe6 24. Qg5 Bd3 25. Rfe1 Qh6 26. Qg4 Kh8 27. Re3 Bg6 28. Rae1 Qh5 29. Qh3 d4 30. g4 Qh6 31. Nxg6+ hxg6 32. g5 Qxh3 33. Rxh3+ Kg8 34. Rg3 Kf8 35. h4 Ke7 36. Kf2 Rh8 37. Rh1 Ke6 38. Kf3 Kf5 39. Rgh3 d3 40. Rd1 d2 41. Rh2 Rd3+ 42. Ke2 Kxf4 43. Rxd2 Rxd2+ 44. Kxd2 Kxe5 45. Ke3 f6 46. gxf6 gxf6 47. Rg2 Rxh4 48. Rxg6 Rh2 49. Rg8 Rxb2 50. Re8+ Kf5 51. Rb8 Rxa2 52. Rxb6 Rc2 53. Rb5 Rxc3+ 54. Kd2 Rd3+ 55. Kc2 Rd5 56. Kc3 Ke4 57. Kxc4 Rd4+ 58. Kc3 f5 59. Rxc5 f4 60. Rh5 Rd8 61. Rh4 Ke3 62. Rh3+ f3 63. Rh7 Rc8+ 64. Kb2 f2 65. Rh3+ Ke2 66. Rh2 Ke1 0-1

[Event "CZE-ch U14 Girls"]
[Site "Kouty nad Desnou"]
[Date "2009.03.08"]
[Round "2"]
[White "Rohovska, Tereza"]
[Black "Dunglova, Natalie"]
[Result "1/2-1/2"]
[WhiteElo "1443"]
[BlackElo "1378"]
[PlyCount "68"]
[EventDate "2009.03.07"]
[EventType "swiss"]
[EventRounds "9"]
[EventCountry "CZE"]
[SourceTitle "EXT 2011"]
[Source "ChessBase"]
[SourceDate "2010.11.26"]
[SourceVersion "1"]
[SourceVersionDate "2010.11.26"]
[SourceQuality "1"]

1. e4 c5 2. Nf3 a6 3. c3 e6 4. d4 cxd4 5. cxd4 d5 6. e5 Nc6 7. Nc3 b5 8. Be3 Bb4 9. Bd3 h6 10. 0-0 Nge7 11. Nh4 Qa5 12. Qc2 Qb6 13. Ne2 Qa7 14. f4 Ba5 15. f5 Nb4 16. Qb3 Nxd3 17. Qxd3 Nxf5 18. Nxf5 exf5 19. Ng3 g6 20. h4 h5 21. Bg5 Bb6 22. Kh1 Bxd4 23. Rad1 Bxb2 24. Qxd5 0-0 25. Bf6 Be6 26. Qd2 Bxe5 27. Bxe5 f6 28. Qd6 Qd7 29. Qxd7 Bxd7 30. Rxd7 fxe5 31. Re1 e4 32. Rd6 Kg7 33. Ne2 f4 34. Nd4 Kh6 1/2-1/2

[Event "CZE-ch U14 Girls"]
[Site "Kouty nad Desnou"]
[Date "2009.??.??"]
[Round "5"]
[White "Richterova, Natasa"]
[Black "Dunglova, Natalie"]
[Result "1-0"]
[WhiteElo "1409"]
[BlackElo "1378"]
[PlyCount "101"]
[EventDate "2009.03.07"]
[EventType "swiss"]
[EventRounds "9"]
[EventCountry "CZE"]
[SourceTitle "EXT 2011"]
[Source "ChessBase"]
[SourceDate "2010.11.26"]
[SourceVersion "1"]
[SourceVersionDate "2010.11.26"]
[SourceQuality "1"]

1. e4 c5 2. Nf3 e6 3. c3 d5 4. exd5 exd5 5. Bb5+ Bd7 6. Bxd7+ Nxd7 7. 0-0 Ngf6 8. d4 Be7 9. Bf4 0-0 10. Nbd2 c4 11. Re1 Rc8 12. Rc1 Re8 13. b3 b5 14. b4 Nb6 15. Bg5 Na4 16. Bxf6 Bxf6 17. Rxe8+ Qxe8 18. Qe1 Nb2 19. Qxe8+ Rxe8 20. Re1 Rxe1+ 21. Nxe1 Na4 22. Nb1 Bd8 23. Nf3 f6 24. Kf1 a5 25. a3 Kf7 26. Ke2 Bc7 27. g3 Ke6 28. Ke3 g5 29. h4 g4 30. Ne1 h5 31. Ng2 axb4 32. axb4 Ke7 33. Nf4 Bxf4+ 34. Kxf4 Ke6 35. Ke3 Nb2 36. f3 gxf3 37. Kxf3 Kf5 38. Na3 Na4 39. Nxb5 Nb6 40. Nd6+ Ke6 41. Nb5 Kf5 42. Nc7 Kg6 43. g4 hxg4+ 44. Kxg4 f5+ 45. Kf4 Kf6 46. h5 Kg7 47. Kxf5 Kh6 48. Ke5 Kxh5 49. Nxd5 Na4 50. b5 Kg5 51. b6 1-0

[Event "CZE-ch U12 Girls"]
[Site "Sec u Chrudimi"]
[Date "2008.03.14"]
[Round "8"]
[White "Dunglova, Natalie"]
[Black "Marikova, Jana"]
[Result "1/2-1/2"]
[WhiteElo "1250"]
[BlackElo "1687"]
[PlyCount "39"]
[EventDate "2008.03.08"]
[EventType "swiss"]
[EventRounds "9"]
[EventCountry "CZE"]
[SourceTitle "EXT 2009"]
[Source "ChessBase"]
[SourceDate "2008.11.26"]
[SourceVersion "1"]
[SourceVersionDate "2008.11.26"]
[SourceQuality "1"]

1. d4 Nf6 2. Nf3 g6 3. c4 Bg7 4. Nc3 0-0 5. Bg5 d6 6. e3 Nbd7 7. Qc2 b6 8. Rd1 h6 9. Bh4 g5 10. Bg3 Re8 11. Be2 Nh7 12. 0-0 e5 13. Bd3 Nhf8 14. Be4 Rb8 15. Rfe1 exd4 16. Nxd4 Bb7 17. Nc6 Bxc6 18. Bxc6 a6 19. Qd3 Nc5 20. Qc2 1/2-1/2

[Event "CZE-ch U12 Girls"]
[Site "Sec u Chrudimi"]
[Date "2008.03.12"]
[Round "6"]
[White "Johnova, Eliska"]
[Black "Dunglova, Natalie"]
[Result "1-0"]
[WhiteElo "1688"]
[BlackElo "1250"]
[PlyCount "35"]
[EventDate "2008.03.08"]
[EventType "swiss"]
[EventRounds "9"]
[EventCountry "CZE"]
[SourceTitle "EXT 2009"]
[Source "ChessBase"]
[SourceDate "2008.11.26"]
[SourceVersion "1"]
[SourceVersionDate "2008.11.26"]
[SourceQuality "1"]

1. e4 c5 2. Nc3 e6 3. g3 d5 4. Bg2 d4 5. Nce2 Bd6 6. d3 Nc6 7. f4 e5 8. Nf3 Nf6 9. 0-0 0-0 10. h3 Qc7 11. f5 Nd7 12. g4 f6 13. h4 Be7 14. Ng3 b5 15. g5 Qd8 16. g6 hxg6 17. fxg6 Nb6 18. Nh2 1-0

[Event "CZE-ch U12 Girls"]
[Site "Sec u Chrudimi"]
[Date "2007.03.15"]
[Round "7"]
[White "Dunglova, Natalie"]
[Black "Vlckova, Katerina"]
[Result "1/2-1/2"]
[WhiteElo "1250"]
[BlackElo "1250"]
[PlyCount "81"]
[EventDate "2007.03.10"]
[EventType "swiss"]
[EventRounds "9"]
[EventCountry "CZE"]
[SourceTitle "EXT 2008"]
[Source "ChessBase"]
[SourceDate "2007.11.25"]
[SourceVersion "1"]
[SourceVersionDate "2007.11.25"]
[SourceQuality "1"]

1. Nf3 d5 2. d4 Nc6 3. Bf4 Bf5 4. a3 Nf6 5. e3 a6 6. c4 e6 7. Be2 Be7 8. 0-0 0-0 9. Nc3 Re8 10. c5 b6 11. b4 Ne4 12. Nxe4 Bxe4 13. Bd3 Bxd3 14. Qxd3 Bf6 15. Rab1 e5 16. Nxe5 Nxe5 17. Bxe5 Bxe5 18. dxe5 Rxe5 19. cxb6 cxb6 20. Qd4 Re4 21. Qd2 Rc8 22. Rbc1 Rec4 23. Rxc4 dxc4 24. Qxd8+ Rxd8 25. Rc1 c3 26. g3 Rc8 27. Kf1 Kf8 28. Ke2 a5 29. bxa5 bxa5 30. Kd3 Rb8 31. Kxc3 Rc8+ 32. Kd2 Rb8 33. Rc2 Rb3 34. Rc3 Rb2+ 35. Rc2 Rb3 36. Ra2 Ke7 37. Kc2 a4 38. e4 Ke6 39. f4 Re3 40. e5 Re2+ 41. Kb1 1/2-1/2

[Event "CZE-ch U12 Girls"]
[Site "Sec u Chrudimi"]
[Date "2007.03.14"]
[Round "6"]
[White "Zavadilova, Karolina"]
[Black "Dunglova, Natalie"]
[Result "1-0"]
[WhiteElo "1405"]
[BlackElo "1250"]
[PlyCount "73"]
[EventDate "2007.03.10"]
[EventType "swiss"]
[EventRounds "9"]
[EventCountry "CZE"]
[SourceTitle "EXT 2008"]
[Source "ChessBase"]
[SourceDate "2007.11.25"]
[SourceVersion "1"]
[SourceVersionDate "2007.11.25"]
[SourceQuality "1"]

1. e4 c5 2. Nf3 e6 3. d4 cxd4 4. Nxd4 a6 5. Nc3 b5 6. a3 Bc5 7. Be3 d6 8. Be2 Nf6 9. 0-0 0-0 10. Bf3 e5 11. Nf5 Bxe3 12. Nxe3 Nc6 13. Ncd5 Nd4 14. c3 Nxf3+ 15. Qxf3 Nxd5 16. Nxd5 Be6 17. Rfd1 Bxd5 18. Rxd5 Rc8 19. Rad1 Rc6 20. Qd3 Qc8 21. Rxd6 Rxd6 22. Qxd6 Re8 23. Qb6 g6 24. Rd6 Qc4 25. Qc6 Rc8 26. Qxc4 Rxc4 27. f3 a5 28. Rd5 b4 29. Rxa5 bxc3 30. bxc3 Rxc3 31. Ra8+ Kg7 32. a4 Ra3 33. a5 Ra2 34. a6 Ra3 35. a7 f6 36. Kf2 Kf7 37. Rh8 1-0

[Event "CZE-ch U10 Girls"]
[Site "Zlate Hory"]
[Date "2006.03.14"]
[Round "4"]
[White "Dunglova, Natalie"]
[Black "Blechova, Lenka"]
[Result "1-0"]
[WhiteElo "1250"]
[BlackElo "1250"]
[PlyCount "113"]
[EventDate "2006.03.11"]
[EventType "swiss"]
[EventRounds "9"]
[EventCountry "CZE"]
[SourceTitle "EXT 2008"]
[Source "ChessBase"]
[SourceDate "2007.11.25"]
[SourceVersion "1"]
[SourceVersionDate "2007.11.25"]
[SourceQuality "1"]

1. e4 e5 2. Nf3 Nc6 3. d4 exd4 4. Bc4 d6 5. Nxd4 Nxd4 6. Qxd4 Nf6 7. Nc3 Be7 8. 0-0 0-0 9. Re1 Ng4 10. h3 Bf6 11. Qd2 Ne5 12. Bb3 h6 13. Qe2 Re8 14. Nd5 Bh4 15. Bf4 Ng6 16. Qe3 Re6 17. Bg3 Bf6 18. Nxf6+ Qxf6 19. Bxe6 Qxe6 20. e5 d5 21. Rad1 c6 22. b3 Bd7 23. c3 Re8 24. Qxa7 b5 25. Qc5 Qf5 26. Qe3 Kh7 27. a4 bxa4 28. bxa4 c5 29. a5 c4 30. a6 Bc6 31. Qb6 Ba8 32. a7 Nxe5 33. Bxe5 Rxe5 34. Rxe5 Qxe5 35. Qd8 d4 36. cxd4 Qe4 37. f3 Qb7 38. Ra1 c3 39. d5 c2 40. Rc1 Qxa7+ 41. Kf1 Qa3 42. Rxc2 Qa1+ 43. Kf2 Qa7+ 44. Kg3 Qa6 45. d6 h5 46. d7 Qg6+ 47. Kh2 Qd6+ 48. f4 Qxf4+ 49. Kg1 Qe3+ 50. Kh1 Qd3 51. Qxa8 Qxd7 52. Qc6 Qd1+ 53. Kh2 g6 54. g3 Kh6 55. h4 Qf1 56. Qc8 f5 57. Qh8# 1-0